000 02184cam a22001934a 4500
005 20250605164406.0
008 250528s ||||||||||||||||||||||||d
035 _a24827
020 _a9786182041185
040 _aGR-AtMCL
_bgre
_dGR-AtMCL
_eAACR2
245 1 _aΜακροοικονομική / 8η Έκδοση
260 _c2017
300 _a630
520 _aΕισαγωγή, Η Βραχυπρόθεσμη Περίοδος, Η Αγορά Αγαθών, Αγορές Χρήματος, Η Μεσοπρόθεσμη Περίοδος, Η Αγορά Εργασίας, Η Καμπύλη Philips και το Φυσιολογικό Ποσοστό Ανεργίας και ο Πληθωρισμός, Από την Βραχυπρόθεσμη στην Μεσοπρόθεσμη Περίοδο: Το Υπόδειγμα IS-LM-PC, Η Μακροπρόθεσμη Περίοδος, Τα Δεδσομένα της Ανάπτυξης, Αποταμίευση και Συσσώρευση Κεφαλαίου και Προϊόν, Τεχνολογική Πρόοδος και Ανάπτυξη, Οι Δυσκολίες της Ανάπτυξης, Προσδοκίες, Αγορές Χρήματος και Προσδοκίες, Προσδοκ΄ίες και Κατανάλωση και Επένδυση, Προσδοκίες και Προϊόν και Πολιτική, Η Ανοιχτή Οικονομία, Άνοιγμα στις Αγορές Αγαθών και Χρήματος, Η Αγορά Αγαθών σε μια Ανοικτή Οικονομία, Προϊόν και Επιτόκιο και Συναλλαγματική Ισοτιμία, Συστήματα Συναλλαγματικών Ισοτιμιών, Επιστροφη στην Πολιτική, Θα Πρέπει να Υπόκεινται σε Έλεγχο οι Υπεύθυνοι Διαμόρφωσης Πολιτικής, Δημοσιονομική Πολιτική: Ανακεφαλαίωση, Νομισματική Πολιτική: Ανακεφαλαίωση, Επίλογος: Η Ιστορία των Μακροοικονομικών.
700 1 _aBlanchard Olivier
_98629
942 _cBK
999 _c9668
_d9668